| 000 | 00962nam a2200241 a 4500 | ||
|---|---|---|---|
| 001 | 48411 | ||
| 003 | BD-RjUL | ||
| 005 | 20211209054523.0 | ||
| 008 | 160814s1975 ii ||||| |||| 00| 0 ben d | ||
| 020 | _c: Tk. 15.00 | ||
| 035 | _a(BD-RjUL)48530 | ||
| 040 |
_aBD-RjUL _bben _cBD-RjUL |
||
| 041 | _aben | ||
| 082 |
_223 _a891.44109 _bSAK 1975 |
||
| 100 | 1 |
_aবন্দ্যোপাধ্যায়, সরোজ. _9118893 |
|
| 245 | 1 | 0 | _aকোমলে গান্ধারে বিষ্ণ দে / |
| 260 |
_aকলিকাতা : _bরুমা পাবলিকেশন, _c১৯৭৫ |
||
| 300 |
_a[৮], ১৪১ পৃ. ; _c২২ সেমি. |
||
| 650 |
_aবাংলা কবিতা _vইতিহাস ও সমালচনা _9146455 |
||
| 650 |
_a Bengali poetry _vHistory and Criticism _9117725 |
||
| 700 |
_aবন্দ্যোপাধ্যায়, পার্থপ্রতিম. _9135968 |
||
| 942 |
_2ddc _cBK |
||
| 999 |
_c48411 _d48411 |
||